| 000 | 00386nam a2200145Ia 4500 | ||
|---|---|---|---|
| 008 | 230917s9999||||xx |||||||||||||| ||und|| | ||
| 040 |
_e123510 _aMAIN |
||
| 041 | _aEnglish | ||
| 082 | _a642.4 M429C | ||
| 100 | _aMattel, Bruce | ||
| 245 | 0 | _aCatering: A guide to managing a successful business operation | |
| 260 |
_aNew Jersey _bJohn Wiley _c2008 |
||
| 300 | _a358 p. | ||
| 942 | _cBK | ||
| 999 |
_c147532 _d147532 |
||